000 01169nam a2200385 a 4500
003 AR-BaBNM
005 20251128205216.0
008 082120s2002 ||||||||||||||000 | spa||
040 _cAR-BaBNM
100 1 _aKazamias, Andreas M.
245 0 0 _aTradición y cambio en la educación
_bestudio comparativo
250 _a1ª ed.
260 _aMéxico, D.F.
_bUteha
_c1968
300 _axv, 371 p.
490 0 _aManuales Uteha. Educación 17
_vv. 327
500 _aUTEHA: Unión Tipográfica Editorial Hispano Americana
504 _aContiene bibliografía en notas a pie de página
650 4 _aEDUCACION COMPARADA
650 4 _aSOCIEDADES NO INDUSTRIALIZADAS
650 4 _aSOCIEDADES INDUSTRIALES
650 4 _aHISTORIA DE LA EDUCACION
650 4 _aSOCIALIZACION
650 4 _aDEMOCRATIZACION DE LA EDUCACION
651 4 _aEuropa
651 4 _aEstados Unidos
651 4 _aAsia
651 4 _aAfrica
653 _aCAMBIO EDUCATIVO
700 1 _aMassialas, Byron G.
700 1 _aGómez de Silva, Jorge
_etraductor
700 1 _aMarín Civera, M.
_erevisión
700 1 _aBurns, Hobert W.
_eprologuista
942 _cBK
998 _cSILVI
999 _c10461
_d10461